Macrosistema del cantón de San Joaquín Flores (Registro nro. 6554)
[ vista simple ]
| 000 -LEADER | |
|---|---|
| fixed length control field | 00830nmm a22003017a 4500 |
| 005 - DATE AND TIME OF LATEST TRANSACTION | |
| control field | 20161021103410.0 |
| 008 - FIXED-LENGTH DATA ELEMENTS--GENERAL INFORMATION | |
| fixed length control field | 150727b xxu||||| |||| 00| 0 spa d |
| 041 ## - LANGUAGE CODE | |
| Language code of text/sound track or separate title | spa |
| 082 ## - DEWEY DECIMAL CLASSIFICATION NUMBER | |
| Classification number | GT 6 |
| 100 ## - MAIN ENTRY--AUTHOR NAME | |
| Personal name | Chávez, Diana |
| 100 ## - MAIN ENTRY--AUTHOR NAME | |
| Personal name | Fuentes, Gustavo |
| 100 ## - MAIN ENTRY--AUTHOR NAME | |
| Personal name | Matamoros, Marlon |
| 100 ## - MAIN ENTRY--AUTHOR NAME | |
| Personal name | Monge, Roilyn |
| 100 ## - MAIN ENTRY--AUTHOR NAME | |
| Personal name | Serrano, Marianela |
| 100 ## - MAIN ENTRY--AUTHOR NAME | |
| Personal name | Torres, Karla |
| 245 ## - TITLE STATEMENT | |
| Title | Macrosistema del cantón de San Joaquín Flores |
| 260 ## - PUBLICATION, DISTRIBUTION, ETC. (IMPRINT) | |
| Year of publication | 2009 |
| 300 ## - PHYSICAL DESCRIPTION | |
| Number of Pages | 68 páginas |
| 502 ## - DISSERTATION NOTE | |
| Dissertation note | |
| 650 ## - SUBJECT ADDED ENTRY--TOPICAL TERM | |
| Topical Term | CANTÓN DE FLORES |
| 650 ## - SUBJECT ADDED ENTRY--TOPICAL TERM | |
| Topical Term | SISTEMA AMBIENTAL |
| 650 ## - SUBJECT ADDED ENTRY--TOPICAL TERM | |
| Topical Term | ATRACTIVOS TURÍSTICOS |
| 650 ## - SUBJECT ADDED ENTRY--TOPICAL TERM | |
| Topical Term | POBLACIÓN |
| 650 ## - SUBJECT ADDED ENTRY--TOPICAL TERM | |
| Topical Term | HISTORIA |
| 650 ## - SUBJECT ADDED ENTRY--TOPICAL TERM | |
| Topical Term | ASPECTOS SOCIALES |
| 650 ## - SUBJECT ADDED ENTRY--TOPICAL TERM | |
| Topical Term | COSTA RICA |
| 942 ## - ADDED ENTRY ELEMENTS (KOHA) | |
| Koha item type | Geografía Turística |
| Withdrawn status | Lost status | Damaged status | Not for loan | Home library | Current library | Date acquired | Precio de compra | Total Checkouts | Total Renewals | Full call number | Accession Number | Date last seen | Date checked out | Price effective from | Koha item type |
|---|---|---|---|---|---|---|---|---|---|---|---|---|---|---|---|
| Departamento de Biblioteca y Documentación Alfonso Chase Brenes | Departamento de Biblioteca y Documentación Alfonso Chase Brenes | 21/10/2016 | 62720.00 | 1 | 1 | GT 6 | GT6 | 09/10/2017 | 19/05/2017 | 21/10/2016 | Geografía Turística |